000 01721nam a2200325 i 4500
003 DO-SdBNP
005 20240314191553.0
006 a||||fr|||| 00| 0
007 ta
008 240212e2023 dr ||||| |||| 00| 0 spa d
020 _a9789945651256 (impreso)
020 _a97899456512639 (digital)
040 _aDO-SdBNP
_bspa
_cBNPHU
_erda
082 4 _222
_bL768t
245 1 0 _aTest de igualdad en la Jurisprudencia del Tribunal Constitucional de la República Dominicana /
_cChanel Liranzo Montero; prólogo, Milton Ray Guevara; cuidado de la edición, Katherine F. Estévez Ureña.
264 1 _aSanto Domingo :
_bTribunal Constitucional de la República Dominicana,
_c2023
300 _a188 páginas ;
_c22 cm.
336 _2rdaconten
_atexto
_btxt
337 _2rdamedia
_asin mediación
_bn
338 _2rdacarrier
_avolumen
_bnc
490 _aGeneración Constitucional
500 _aIncluye datos biográficos del autor en la solapa de la cubierta.
505 _aAgradecimientos.--
_tPalabras de presentación del Magitrado Presidente Dr. Milton Ray Guevara.--
_tPalabras de la directora Dra. Mayra Cabral Brea.--
_tResumen.--
_tIntroducción.
505 _aCapítulo I
_tConcepto Jurídico de Igualdad, Dimensiones y Protección.--
_gCapítulo II
_tMetodología para Deterrminar la Desigualdad en el Derecho Comparado Relevante.--
_gCapítulo III.
_tRespuesta del Ordenamiento Jirídico Dominicano y Aplicación del Test por Parte del Tribunal Constitucional.
590 _aInventariado 2024 / MF
700 1 _aMilton Ray Guevara
_d1948-
_eprólogo
_978143
700 1 _aEstévez Ureña, Katherine F.,
_eeditor
_984900
710 1 _aTribunal Constitucional de la República Dominicana
_975427
942 _2ddc
_cLBS1
999 _c55915
_d55915